Statystyki dla Peja/Slums Attack - Na Legalu?

Kliknij tutaj aby rozwiązać quiz!

Ogólne statystyki

  • Ten quiz został rozwiązany 41 razy
  • Średni wynik to 6 z 16

Statystyki odpowiedzi

Pozycja Utwór % poprawnych
11.Głucha Noc feat. Medi Top Glon, Mientha
85%
12.Randori feat. Doniu
61%
9.Jest Jedna Rzecz - Klub Wersja
55%
5.Kolejny Stracony Dzień
55%
13Mój Rap, Moja Rzeczywistość
45%
3.Być nie mieć feat. Wiśnia
42%
7.I moje Miasto Złą Sławą owiane... feat. Ascetoholix, Owal, Mejger, Hans 52, Mientha, Medi Top Glon, Lamzaz, Senne Oko Wiśnia
39%
2.Właściwy Wybór
33%
6.WOS
30%
14.O tym, co było i o tym, co jest Teraz feat. Iceman
27%
4.Nie-Kocham-HIp-Hop
24%
1.Dla ludzi - Skit
21%
8.Dla Frajerstwa - Skit
18%
10Bit w Bit - Skit
12%
15.Dario Invader Poland
12%
16.Jest Jedna Rzecz - Dla ulicy Remix
12%

Rozkład punktacji

Percentyl według liczby udzielonych odpowiedzi

Procent ludzi z każdym wynikiem

Twoja historia wyników

Nie rozwiązałeś tego quizu